TV Shows by Opening Sequence IV Quiz Stats

 Plays Quiz Updated Jan 4, 2015

Challenge
Share
Tweet
Score 0/30 Timer 10:00
0 Plays Today
% Correct
Two and a Half Men
95.7%
Bob the Builder
89.6%
Doctor Who
81.5%
The Golden Girls
80.7%
Desperate Housewives
78.5%
Smallville
74.3%
Mythbusters
74.1%
Home Improvement
72.3%
Arrow
70.3%
Bob's Burgers
69.3%
Bones
69.1%
The King of Queens
68.5%
Downton Abbey
66.8%
Thomas the Tank Engine & Friends
66.1%
Animaniacs
58.8%
% Correct
Psych
55.9%
The Andy Griffith Show
54.9%
Sabrina, the Teenage Witch
51.7%
Archer
43%
Suits
41.8%
Duck Dynasty
41.8%
Top Gear
39.9%
The IT Crowd
39.4%
Stargate SG-1
39.2%
Veronica Mars
35.6%
Last Week Tonight with John Oliver
32.6%
True Detective
32.3%
Luther
31.7%
Mr. Bean
30%
Hannibal
24.5%

You're not logged in!

Compare scores with friends on all Sporcle quizzes.
Join for Free
OR
Log In

You Might Also Like...

Show Comments

Extras

Top Quizzes Today


Score Distribution

Your Account Isn't Verified!

In order to create a playlist on Sporcle, you need to verify the email address you used during registration. Go to your Sporcle Settings to finish the process.

Report this User

Report this user for behavior that violates our Community Guidelines.

Details: